000 01548naa a22003257a 4500
001 BR8400598
003 BR-BrBNA
005 20240918175416.0
007 ta
008 230509b bl.||||| |||| 00| 0 por d
040 _aBR-BrBNA
_bpor
_cBiblioteca Nacional de Agricultura
041 _a(Pt)
072 _aF00
_b0334
_bG514
090 _aF00 BR8400598
100 1 _aBarni, N.A.
100 1 _aGomes, J.E.S.
100 1 _aGoncalves, J.C.
111 1 _a1. Reuniao Tecnica Anual de Culturas Energeticas do IPAGRO
_cPorto Alegre, RS (Brazil)
_d26 Apr 1983
245 1 _aEfeito de espacamento e densidade de semeadura sobre o comportamento agronomico da colza (Brassica napus L. var. Oleifera Metzg)[Rio Grande do Sul, Brasil]
246 1 _a[Effect of sowing spacing and density on the agronomic behaviour of rapeseed (Brassica napus L. var. Oleifera Metzg)[Rio Grande do Sul, Brazil]]
246 1 _a[Energetic crops (sunflower, rape, cassava, saccharine sorghum, sugar beetroot)]
_bExperimental results 1982/83
260 3 _aPorto Alegre, RS (Brasil):
_c1983.
500 _aCulturas energeticas (girassol, colza, mandioca, sorgo sacarino, beterraba acucareira) Porto Alegre, RS (Brasil): 1983. p. 99-102 (BR8400598-AM)F00
650 _aESPACAMENTO
650 _aDENSIDADE DE SEMEADURA
650 _aCOLZA
773 0 _tCulturas energeticas (girassol, colza, mandioca, sorgo sacarino, beterraba acucareira)
_b
_wF00 BR8400598
_gPorto Alegre, RS (Brasil), 1983. p. 99-102
909 _a202404
_bLucia
_c55
_dLucia Elande
942 _cAM
_2AGRIS
999 _c316562
_d316562